| 000 | 01073nam a22003377a 4500 | ||
|---|---|---|---|
| 001 | BR7909092 | ||
| 003 | BR-BrBNA | ||
| 005 | 20230928090432.0 | ||
| 007 | ta | ||
| 008 | 230509b bl.||||| |||| 00| 0 por d | ||
| 040 |
_aBR-BrBNA _bpor _cBiblioteca Nacional de Agricultura |
||
| 041 | _a(Por) | ||
| 072 |
_aE10 _b/G514 |
||
| 090 | _ E10 BR7909092 | ||
| 110 | 1 |
_aUniversidade Federal de Minas Gerais, Belo Horizonte (Brasil). Centro de Desenvolvimento e Planejamento Regional _910836 |
|
| 245 | 1 | _aOcupacao agricola da Amazonia. Primeiros estudos para fixacao de diretrizes [Brasil] | |
| 260 | 3 |
_aBelo Horizonte, MG (Brasil): _c1979. |
|
| 300 | _a338 p. | ||
| 500 | _a23 illus.; 31 tables; Bibliography p. 326-338 (135 ref.) | ||
| 650 | _aPOLITICA AGRICOLA | ||
| 650 | _aPOLITICA GOVERNAMENTAL | ||
| 650 | _aECONOMIA AGRICOLA | ||
| 650 | _aDEMOGRAFIA | ||
| 650 | _aESTRUTURA AGRARIA | ||
| 650 | _aTRANSPORTE | ||
| 650 | _aARMAZENAMENTO | ||
| 650 | _aEXPLORACAO AGRICOLA | ||
| 650 | _aAMAZONIA | ||
| 909 |
_a202309 _bLucia _c55 _dLucia Elande |
||
| 942 | _cBK | ||
| 999 |
_c28825 _d28825 |
||